000 00782nam a22002417a 4500
005 20150520110333.0
010 _aBAC-EN21 ENG-111782
020 _a9789382711377
_c390.00
035 _aEN-95314
035 _aB-582599-615
037 _adpl
_bBSB/Ven
037 _aDBAD/PUB
082 _a338.954
100 _aSen, Sandip
245 _aNeta,babu & subsidy :
_cby Sandip Sen
_broundup 2000 to 2014 /
260 _aNew Delhi
_bVitasta Publishing
_c2014
270 _a2/15, Ansari Road,Daryaganj
_bNew Delhi
_e110002
300 _a232p. :
_c22cm(pbk)
_bill.
500 _aIncludes index
650 _aSubsidies
_zIndia.
942 _2ddc
_cEN
_mSEN
_h338.954
999 _c89474
_d89474